00448 2200181 4500001002100000005001500021008004100036020002200077035001900099041000700118082001000125090001600135100002500151245001700176260003100193300003100224650001100255INLIS00000000001685520241224115213241224||||||||| | ||| |||| || |  a978-979-027-286-6 0010-1224016855 aid0 a530.3 a530.3 CAH k0 aCahya Budi Kartiawan00aKamus Fisika aBandungbTitian Ilmuc2013 aiv, 116 hlm.; ilus.: 21 cm 0aFisika